| 000 | 00625cab a2200205 4500 | ||
|---|---|---|---|
| 001 | WB2545-29 | ||
| 008 | 090401t1989 xxu||||| |||| 00| 0 eng d | ||
| 035 | _a(Sirsi) u79064 | ||
| 041 | _aeng | ||
| 245 | _aNew controllers of Mountleigh | ||
| 260 | _c1989 | ||
| 350 | _a0 | ||
| 490 |
_aFinancial Times _v9/11/89 p29 |
||
| 490 |
_aIndependent _v10/11/89 p21 |
||
| 490 |
_aObserver _v12/11/89 p27(5) |
||
| 520 | _aTony Clegg `s stake in the property company , Mountleigh , has been bought by two Americans, Peltz and May . Profile on Peltz. | ||
| 690 | _aPROPERTY LAW AND PRACTICE | ||
| 942 | _n0 | ||
| 948 | _c04/03/1997 | ||
| 999 |
_c49679 _d49679 |
||